000 00690nam a22002177a 4500
999 _c82
_d82
003 AR-CdUCM
008 190221b ||||| |||| 00| 0 spa d
040 _aMUNICIPALIDAD PROVINCIAL DEL CUSCO
_cBIBLIOTECA MUNICIPAL DEL CUSCO
082 _a869.56 /
_bV146
100 _aValdivia Ponce, Oscar
_9383
245 _aEl Andarin :
260 _aLima :
_bTalleres Graficos Villanueva,
_c1980.
300 _a153 paginas
_c15.cm
500 _aEl libro contiene dedicatoria
505 _aMi mundo -- El rio -- El desierto -- Don calixto -- Alejandro el grande...
650 _aCorrer
_9384
650 _aViajero
_9385
650 _aCampos
_9386
942 _2ddc
_cLIBROS
945 _awnts
_d2019-02-21